000 00584nam a22002057a 4500
005 20170822143355.0
010 _aENG-119943
020 _a9789351429128
_c175.00
035 _aEN-103475
037 _bDBAB/PUB
082 _a158.1
100 _aRao, Usha
245 _aLife Skill /
_cby Usha Rao
260 _aMumbai
_bHimalaya Publishing House
_c201?
270 _a"Ramdoot", Dr. Bhalerao Marg, Girgaon,
_bMumbai
_e400004
300 _a187p.
_c24cm(pbk)
500 _aIncludes bibliographical references
505 _aVol.1
942 _2ddc
_cEN
_h158.1
_mRAO
999 _c143644
_d143644